| 000 | 00448nmm a2200145Ia 4500 | ||
|---|---|---|---|
| 008 | 251105s9999||||xx |||||||||||||||||und|| | ||
| 041 | _aspa | ||
| 100 | _aRoa Delgado, Juan Pablo | ||
| 245 | 0 | _aEn la mano que escribe (Poesía 2007 - 2022) | |
| 264 |
_a[Santiago de Chile, Chile] : _bRil editores, _c2024 |
||
| 300 | _a321 páginas | ||
| 650 | _aLatin American poetry | ||
| 856 | _uhttps://public.digitaliapublishing.com/a/172330 | ||
| 942 | _cCF | ||
| 999 |
_c106919 _d106919 |
||